Statystyki dla Stany graniczące z iowa

Kliknij tutaj aby rozwiązać quiz!

Ogólne statystyki

  • Ten quiz został rozwiązany 16 razy
  • Średni wynik to 5 z 6

Statystyki odpowiedzi

HintOdpowiedź% Poprawnych
2illinois
100%
5nebraska
87%
6missouri
80%
3minnesota
73%
1wisconsin
73%
4dakota południowa
67%

Rozkład punktacji

Percentyl według liczby udzielonych odpowiedzi

Procent ludzi z każdym wynikiem

Twoja historia wyników

Nie rozwiązałeś tego quizu